00700nam a22001817a 450000500170000000800410001704000270005804100080008504400070009308200180010024500360011826000420015430000730019665000470026965000770031665000630039365000620045620170804020001.0160215b ck ao |r|||| 00| 0 spa d aCO-BoIAVH cCO-BoIAVH 0 aspa ack04a577.681bH92a00aHumedales altoandinos de Caldas a[Manizales?]:bCorpocaldas,c[s. f.]. a70 páginas :bilustraciones y fotografías a color ;c20 x 14 cm. 6aHumedaleszCaldas (Departamento, Colombia) 6aHumedalesxservicios de los ecosistemaszCaldas (Departamento, Colombia) 6aHumedalesxconservaciónzCaldas (Departamento, Colombia) 6aHumedalesxbiodiversidadzCaldas (Departamento, Colombia)